Normal view
MARC view
- Rupley, William H
Entry Personal Name
001 - CONTROL NUMBER
- control field: 107700
003 - CONTROL NUMBER IDENTIFIER
- control field: NUST
005 - DATE AND TIME OF LATEST TRANSACTION
- control field: 20230126093924.0
008 - FIXED-LENGTH DATA ELEMENTS
- fixed length control field: 230126|| aca||aabn | a|a d
040 ## - CATALOGING SOURCE
- Original cataloging agency: NUST
- Transcribing agency: NUST
100 ## - HEADING--PERSONAL NAME
- Personal name: Rupley, William H
670 ## - SOURCE DATA FOUND
- Source citation: Work cat.: (NUST)193942: Rupley, William H., Reading diagnosis and remediation : , c1979.
